All Women's Super League Teams Ever - Statistics

General Stats
  • This quiz has been taken 130 times
    13 since last reset
  • The average score is 16 of 20
Answer Stats
Team % Correct
Arsenal
100%
Brighton & Hove Albion
100%
Aston Villa
91%
Chelsea
91%
Everton
91%
Liverpool
91%
Manchester City
91%
Manchester United
91%
Tottenham Hotspur
91%
West Ham United
91%
Crystal Palace
82%
Leicester City
82%
London City Lionesses
82%
Birmingham City
73%
Sunderland
73%
Bristol City
64%
Doncaster Rovers Belles
55%
Reading
55%
Notts County
45%
Yeovil Town
27%
No matching quizzes found
Score Distribution
Percent of People with Each Score
Percentile by Number Answered
Your Score History
You have not taken this quiz since the last reset